MARC details
| 000 -CABECERA |
| campo de control de longitud fija |
02092nam a2200337 i 4500 |
| 003 - IDENTIFICADOR DEL NÚMERO DE CONTROL |
| campo de control |
DO-SdBNP |
| 005 - FECHA Y HORA DE LA ÚLTIMA TRANSACCIÓN |
| campo de control |
20260303104746.0 |
| 007 - CAMPO FIJO DE DESCRIPCIÓN FÍSICA--INFORMACIÓN GENERAL |
| campo de control de longitud fija |
ta |
| 008 - DATOS DE LONGITUD FIJA--INFORMACIÓN GENERAL |
| campo de control de longitud fija |
260303b2000 dr ||||| |||| 00| 0 spa d |
| 040 ## - FUENTE DE LA CATALOGACIÓN |
| Centro catalogador/agencia de origen |
DO-SdBNP |
| Lengua de catalogación |
spa |
| Centro/agencia transcriptor |
BNPHU |
| Normas de descripción |
rda |
| 041 ## - CÓDIGO DE LENGUA |
| Código de lengua del texto/banda sonora o título independiente |
spa |
| 082 #4 - NÚMERO DE LA CLASIFICACIÓN DECIMAL DEWEY |
| Número de clasificación |
xxx |
| Número de documento/Ítem |
R426L |
| Número de edición |
22 |
| 111 1# - ENTRADA PRINCIPAL--NOMBRE DE CONGRESO/REUNIÓN |
| Nombre de congreso/reunión o jurisdicción como elemento de entrada |
Cumbre de Jefes de Estado y de Gobierno de la Asociación de Estados del Caribe |
| Número del congreso/reunión o número de parte o sección |
(2da. : |
| Fecha del congreso/reunión |
16-17, abril : |
| Sede del congreso/Lugar de la reunión |
Santo Domingo) |
| 9 (RLIN) |
89114 |
| 245 10 - MENCIÓN DE TÍTULO |
| Título |
Segunda cumbre de jefes de estado y gobierno de los países de África, caribe y pacífico : |
| Resto del título |
memoria / |
| Mención de responsabilidad, etc. |
coordinadora, Ana E. Martínez ; asesores, Eduardo Latorre, foto, Anne Casale ; diseño y arte final, Ninón León de Saleme. |
| 264 ## - PRODUCCIÓN, PUBLICACIÓN, DISTRIBUCIÓN, FABRICACIÓN Y COPYRIGHT |
| Producción, publicación, distribución, fabricación y copyright |
Santo Domingo, República Dominicana : |
| Nombre del de productor, editor, distribuidor, fabricante |
Secretaría de Estado de Relaciones Exteriores, |
| Fecha de producción, publicación, distribución, fabricación o copyright |
2000. |
| 300 ## - DESCRIPCIÓN FÍSICA |
| Extensión |
226 páginas ; |
| Dimensiones |
23 cm. |
| 336 ## - TIPO DE CONTENIDO |
| Término de tipo de contenido |
texto |
| Código de tipo de contenido |
txt |
| Fuente |
rdacontent |
| 337 ## - TIPO DE MEDIO |
| Nombre/término del tipo de medio |
sin mediación |
| Código del tipo de medio |
n |
| Fuente |
rdamedia |
| 338 ## - TIPO DE SOPORTE |
| Nombre/término del tipo de soporte |
volumen |
| Código del tipo de soporte |
nc |
| Fuente |
rdacarrier |
| 500 ## - NOTA GENERAL |
| Nota general |
Portada fotografía oficial de los Jefes de Estado y de Gobierno en los Jardines el Hotel Renaissance Jaragua |
| 505 ## - NOTA DE CONTENIDO CON FORMATO |
| Nota de contenido con formato |
Presentación -- La Asociación de Estados del Caribe (AEC) , Información general sobre los países miembros de la Asociación de Estados del Caribe -- Países de África -- Países del Caribe -- Países del Pacífico -- Ceremonia de inauguración de la reunión extraordinaria del consejo de ministro ACP 22 de noviembre de 1999 -- Ceremonia de inauguración 25 de noviembre de 1999 -- Sesión de trabajo 25 de noviembre de 1999 -- Ceremonia de clausura 26 de noviembre de 1999 -- Documentos finales |
| 590 ## - NOTA LOCAL (RLIN) |
| Nota local |
Inventariado, 2026 LP |
| 700 1# - PUNTO DE ACCESO ADICIONAL--NOMBRE DE PERSONA |
| Nombre de persona |
Martínez, Ana E. |
| Término indicativo de función/relación |
coordinador |
| Código de función/relación |
co. |
| 9 (RLIN) |
2505 |
| 700 1# - PUNTO DE ACCESO ADICIONAL--NOMBRE DE PERSONA |
| Nombre de persona |
Cabral de Arcalá, Conchita Mercedes, |
| Término indicativo de función/relación |
asesor |
| Código de función/relación |
asc. |
| 9 (RLIN) |
89115 |
| 700 1# - PUNTO DE ACCESO ADICIONAL--NOMBRE DE PERSONA |
| Nombre de persona |
Latorre, Eduardo, |
| Término indicativo de función/relación |
asesor |
| Código de función/relación |
asc. |
| 9 (RLIN) |
89116 |
| 700 1# - PUNTO DE ACCESO ADICIONAL--NOMBRE DE PERSONA |
| Nombre de persona |
Casale, Anne, |
| Término indicativo de función/relación |
fotógrafo |
| Código de función/relación |
fot. |
| 9 (RLIN) |
72639 |
| 700 1# - PUNTO DE ACCESO ADICIONAL--NOMBRE DE PERSONA |
| Nombre de persona |
León de Saleme, Ninón |
| Término indicativo de función/relación |
diseñador |
| Código de función/relación |
di. |
| 9 (RLIN) |
1566 |
| 711 1# - PUNTO DE ACCESO ADICIONAL--NOMBRE DE REUNIÓN/CONGRESO |
| Nombre de congreso/reunión o jurisdicción como elemento de entrada |
Segunda Cumbre de Jefes de Estado y de Gobierno de los paises de África, Caribe y Pacifico,1999 |
| 9 (RLIN) |
89113 |
| 910 ## - DATOS DE OPCIÓN DEL USUARIO (OCLC) |
| Datos de opción del usuario |
LP |
| 942 ## - ELEMENTOS DE PUNTO DE ACCESO ADICIONAL (KOHA) |
| Fuente del sistema de clasificación o colocación |
Dewey Decimal Classification |
| Tipo de ítem Koha |
Libro |